Financovanie bytovej výstavby v SR prostredníctvom hypotekárnych úverov bakalárska práca

Salvato in:
Dettagli Bibliografici
Autore principale: Štípková, Andrea
Ente Autore: Národohospodárska fakulta EU. Katedra hospodárskej politiky
Altri autori: Vidová, Jarmila, 1967-
Natura: Libro
Lingua:slovacco
Pubblicazione: Bratislava 2009
Tags: Aggiungi Tag
Nessun Tag, puoi essere il primo ad aggiungerne!!

MARC

LEADER 00000nam$a2200000$$$4500
001 0099105
005 20240319123753.0
041 0 |a slo 
044 |a SK 
245 1 0 |a Financovanie bytovej výstavby v SR prostredníctvom hypotekárnych úverov  |b bakalárska práca  |c Andrea Štípková ; škol. Jarmila Vidová 
264 1 |a Bratislava  |c 2009 
300 |a 47 s. 
100 1 |a Štípková, Andrea 
700 1 |a Vidová, Jarmila, 1967- 
710 2 |a Národohospodárska fakulta EU. Katedra hospodárskej politiky